Evaluating and Redesigning of Android Application for Deaf and Dumb to Overcome Existing Usability Heuristics Loopholes (Record no. 217268)

000 -LEADER
fixed length control field 00485 a2200169 4500
003 - CONTROL NUMBER IDENTIFIER
control field Nust
005 - DATE AND TIME OF LATEST TRANSACTION
control field 20170207171536.0
040 ## - CATALOGING SOURCE
Transcribing agency Nust
082 ## - DEWEY DECIMAL CLASSIFICATION NUMBER
Classification number 005.1
100 ## - MAIN ENTRY--PERSONAL NAME
Personal name Ahmed, Saadia. (MSCS-19)
245 ## - TITLE STATEMENT
Title Evaluating and Redesigning of Android Application for Deaf and Dumb to Overcome Existing Usability Heuristics Loopholes
Statement of responsibility, etc. Saadia Ahmed
260 ## - PUBLICATION, DISTRIBUTION, ETC.
Place of publication, distribution, etc. rawalpindi
Name of publisher, distributor, etc. MCS,NUST
Date of publication, distribution, etc. 2015
300 ## - PHYSICAL DESCRIPTION
Extent 133p.
538 ## - SYSTEM DETAILS NOTE
System details note Almirah No.70 Shelf No.3
650 ## - SUBJECT ADDED ENTRY--TOPICAL TERM
Topical term or geographic name entry element PG Thesis
651 ## - SUBJECT ADDED ENTRY--GEOGRAPHIC NAME
Geographic name MSCS-19
942 ## - ADDED ENTRY ELEMENTS (KOHA)
Koha item type
Holdings
Withdrawn status Lost status Source of classification or shelving scheme Damaged status Not for loan Collection code Permanent Location Current Location Date acquired Total Checkouts Full call number Barcode Date last seen Price effective from Koha item type Shelving location
            Central Library (CL) Central Library (CL) 11/18/2020   004 MCS CL-T-1217 11/18/2020 11/18/2020   Thesis
            Central Library (CL) Central Library (CL) 11/18/2020   004 CL-T-1367 11/18/2020 11/18/2020   Thesis
            Military College of Signals (MCS) Military College of Signals (MCS) 12/12/2016   005.1 AHM MCSTCS-363 12/08/2016 12/12/2016 Book  
© 2023 Central Library, National University of Sciences and Technology. All Rights Reserved.